Iron Man Trivia - Statistics

General Stats
  • This quiz has been taken 131 times
  • The average score is 21 of 58
Answer Stats
Hint Answer % Correct
What is Iron Man's real name? Tony Stark
100%
What was his dad's name? Howard
86%
Who played Iron Man? Robert Downey Jr.
71%
What is Tony's wife's name? Pepper Potts
68%
Who was the villain in the first film? Iron Monger
62%
Who was in the post-credit scene of 1 Nick Fury
60%
What was above's real name? Obadiah Stane
59%
What year did that film come out? 2008
58%
What film was Tony introduced? Iron Man
58%
Who killed Tony's parents? The Winter Soldier
56%
What film does Tony die? Avengers: Endgame
55%
How many Iron Man movies are there? Three
55%
What is his middle name? Edward
54%
What was his mom's name? Maria
54%
What is above character work for? S.H.I.E.L.D.
54%
What is his full name? Anthony Edward Stark
53%
Who is Tony's bodyguard? Happy Hogan
53%
Played above in all the movies Sameul L. Jackson
51%
What team is Tony apart of? The Avengers
51%
Who were the villains in 2? Justin Hammer
49%
Who played above? Gwyneth Paltrow
47%
What is above's superhero name? Rescue
47%
Who were the villains in 3? Aldrich Killian
43%
Who directed 1,2 and plays Happy? Jon Favreau
43%
Whiplash
43%
What is the thing that keeps Tony alive? The Arc Reactor
41%
Who was in the cave with Tony? Ho Yinsen
40%
Who was the little boy in 2? Peter Parker
38%
Who does above later become? Spider-Man
38%
What was the name of the potato gun kid in 3? Harley Keener
36%
What was above's real name? Ivan Vanko
35%
What is her real name? Virginia
35%
What Mission Impossible star tryed out for the role of Iron Man? Tom Cruise
33%
What was above's dad's real name? Anton Vanko
29%
What alias does Killian go by in 3? The Mandarin
28%
When was Tony born? 1970
27%
What film did Tony cameo in at the end? The Incredible Hulk
27%
What does he create? The Extremis Serum
23%
Trevor Slattery
23%
What National Treasure star tryed out for the role of Iron Man? Nickolas Cage
21%
Who cameos in the post-credit scene of 3? Bruce Banner
20%
What X-Men star did the producers want to play Tony? Hugh Jackman
19%
Who played Iron Monger? Jeff Bridges
19%
Who played Slattery in 3? Ben Kingsley?
17%
What was the reporters name in 1,2? Christine Everheart
17%
Who played above? Mark Ruffalo
17%
Who directed 3? Shane Black
17%
Who played Whiplash? Mickey Rourke
16%
Who played Hammer in 2? Sam Rockwell
11%
Who played the guy in the cave? Shaun Toub
11%
Who played the main villain from 3? Guy Pierce
9%
What does the Mandarin have? The Ten Rings
9%
Who is above's super villain name in the comics? Crimson Dynamo
8%
Who played the above character? Leslie Bibb
7%
Ellen Brandt
4%
Eric Savin
3%
Who is the green version of Iron Man? Titanium Man
2%
In the comics who is above married to? Man-Thing
1%
No matching quizzes found
Score Distribution
Percent of People with Each Score
Percentile by Number Answered
Your Score History
You have not taken this quiz